Prašina 3 Biela komnata

Bibliographic Details
Main Author: Matocha, Vojtěch, 1989- (Author)
Other Authors: Osoha, Karel, 1991- (Illustrator), Blašková Maňáková, Marta, 1982- (Translator)
Format: Book
Language:Slovak
Czech
PhysicalDescription:261 strán ilustrované listy 21 cm
Published: Bratislava Artforum 2021
ISBN:9788081503153
Subjects:

MARC

LEADER 00000cam a2200000 4500
001 vtls012016481
003 SK-MaSNL
005 20260301215904.0
008 210302s2021 xo f cr 000 fdslo
015 |a SNBA2021/10 
020 |a 9788081503153  |q (viazané) 
040 |a SNK  |b slo  |c SNK  |e rda 
041 1 |a slo  |h cze 
044 |a xo  |c SK 
072 7 |a 821.162.3  |x Česká literatúra  |2 konspekt 
072 7 |a 82-93  |x Literatúra pre deti a mládež (beletria)  |2 konspekt 
080 |a 821.162.3-31  |2 2011 
080 |a 82-93-053.4/.5  |2 2011 
080 |a (0:82-311.3)  |2 2011 
100 1 |a Matocha, Vojtěch,  |d 1989-  |4 aut  |9 208731 
240 1 0 |a Prašina - Bílá komnata  |l Slovensky 
245 1 0 |a Prašina  |n 3  |p Biela komnata  |c napísal Vojtěch Matocha ; ilustroval Karel Osoha ; z českého originálu Prašina - Bílá komnata ... preložila Marta Maňáková 
246 3 0 |a Biela komnata 
246 3 8 |a Prašina 3 
264 1 |a Bratislava  |b Artforum  |c 2021 
300 |a 261 strán  |b ilustrované listy  |c 21 cm 
336 |a text  |b txt  |2 rdacontent 
337 |a bez média  |b n  |2 rdamedia 
338 |a zväzok  |b nc  |2 rdacarrier 
500 |a Obsahuje biografické údaje o autorovi a ilustrátorovi 
521 8 |a Pre čitateľov od 9 rokov 
655 7 |a české romány  |2 SNKPH  |9 70600 
655 7 |a dobrodružné romány  |2 SNKPH  |9 70486 
655 7 |a literatúra pre deti  |2 SNKPH  |9 87135 
655 7 |a Czech fiction  |2 SNKPHeng  |9 293641 
655 7 |a Adventure stories  |2 SNKPHeng  |9 312592 
655 7 |a Children's literature  |2 SNKPHeng  |9 276039 
700 1 |a Osoha, Karel,  |d 1991-  |4 ill  |9 163922 
700 1 |a Blašková Maňáková, Marta,  |d 1982-  |4 trl  |9 224464 
787 0 8 |i Zo série:  |t Prašina  |g 3 
852 |a Štátna vedecká knižnica v Banskej Bystrici 
919 |a 978-80-8150-315-3 
958 |a LX 
958 |a DB 
958 |a UP 
968 |b ČES 
999 |c 929821  |d 931751 
952 |a SNK  |b SNK  |y PREZ  |7 0  |p 17A1459972  |o snkSC 184961/3  |i snk2021/14592  |8 0  |0 0  |1 0  |4 0  |d 2021-10-06  |f 1  |l 0  |r 2026-02-24 08:45:05  |w 2026-02-24 
952 |a SNK  |b SNK  |y PREZ  |7 0  |p 17A1459973  |o snkSC 184961/3 D1  |i snk2021/14593  |8 0  |0 0  |1 0  |4 0  |d 2021-10-06  |l 0  |r 2026-02-24 08:45:05  |w 2026-02-24